Online
Catalog

El mundo del futuro / (Record no. 1033)

MARC details
000 -CABECERA
campo de control de longitud fija 00501cam a2200157 a 4500
001 - NÚMERO DE CONTROL
campo de control 000001069
005 - FECHA Y HORA DE LA ÚLTIMA TRANSACCIÓN
campo de control 20200929145455.0
008 - DATOS DE LONGITUD FIJA--INFORMACIÓN GENERAL
campo de control de longitud fija 840120s1947 xx f 001 0 spa
040 ## - FUENTE DE LA CATALOGACIÓN
Centro catalogador/agencia de origen DO-SdBNP
Lengua de catalogación spa
Centro/agencia transcriptor BNPHU
082 ## - NÚMERO DE LA CLASIFICACIÓN DECIMAL DEWEY
Número de clasificación 003.2
Número de documento/Ítem H183m
100 1# - ENTRADA PRINCIPAL--NOMBRE DE PERSONA
Nombre de persona Hammerly Dupuy, Daniel.
9 (RLIN) 3662
245 13 - MENCIÓN DE TÍTULO
Título El mundo del futuro /
Mención de responsabilidad, etc. Daniel Hammerly Dupuy.
260 ## - PUBLICACIÓN, DISTRIBUCIÓN, ETC.
Lugar de publicación, distribución, etc. Mountain View :
Nombre del editor, distribuidor, etc. Pacific press publishing association,
Fecha de publicación, distribución, etc. 1947.
300 ## - DESCRIPCIÓN FÍSICA
Extensión 448 p. :
Otras características físicas il., retrs ;
Dimensiones 23 cm.
650 #4 - PUNTO DE ACCESO ADICIONAL DE MATERIA--TÉRMINO DE MATERIA
Término de materia o nombre geográfico como elemento de entrada Siglo xx
Subdivisión general Predicciones
9 (RLIN) 3663
Holdings
Estado de retiro Estado de pérdida Restricciones de uso No para préstamo Código de colección Localización permanente Ubicación/localización actual Ubicación en estantería Fecha de adquisición Número de inventario Total de préstamos Signatura topográfica completa Código de barras Fecha visto por última vez Precio válido a partir de Tipo de ítem Koha
    Préstamo interno Préstamo en sala Dominicana de Servicio Biblioteca Nacional Pedro Henríquez Ureña Biblioteca Nacional Pedro Henríquez Ureña En catalogación 18.09.2009 LF1   003.2 H183m 1069-10 25.06.2020 25.06.2020 Libros y folletos

Powered by Koha